| 000 | 00595nam a2200193Ia 4500 | ||
|---|---|---|---|
| 005 | 20250326141138.0 | ||
| 008 | 250326s9999 xx 000 0 und d | ||
| 020 | _a0-262-13332-6 | ||
| 037 | _aTextbook | ||
| 040 |
_aFMSL _beng _cFMSL |
||
| 041 |
_aeng _2eng |
||
| 084 |
_aX36.7 N6 _qFMSL |
||
| 100 |
_aMacavoy P W _9743820 |
||
| 245 | 0 |
_aFailure of antitrust and regulation to establish competition in long distance telephone services _cMacavoy P W |
|
| 260 |
_aCambridge _bCambridge, MIT Press _c1996 |
||
| 300 | _a354p | ||
| 942 |
_cTB _hX36.7 N6 |
||
| 999 |
_c1288911 _d1288911 |
||